000 00599nam a2200229Ia 4500
003 OSt
005 20220928152016.0
006 a|||||r|||| 00| 0
007 ta
008 220927b |||||||| |||| 00| 0 eng d
024 _a139041
037 _cTextual
040 _aSDCL
_cSDCL
_beng
041 _2eng
_aeng
082 _aI:686, N4
100 _aBevan M W
_9518814
245 0 _aProduction and uses of genetically transformed plants
260 _c1994
700 _a Harrison B D
_9518815
942 _hI:686, N4
_cTEXL
_2CC
999 _c853847
_d853847